KOHA-Header-6

Moj-e-Kauser (Record no. 8919)

000 -LEADER
fixed length control field 00262nam a2200109Ia 4500
100 ## - MAIN ENTRY--AUTHOR NAME
Personal name Shaikh M. Akram
245 #0 - TITLE STATEMENT
Title Moj-e-Kauser
260 ## - PUBLICATION, DISTRIBUTION, ETC. (IMPRINT)
Place of publication Lahore
Name of publisher Idarah-i-Sakafat Islamia
Year of publication 2001
300 ## - PHYSICAL DESCRIPTION
Number of Pages 269
942 ## - ADDED ENTRY ELEMENTS (KOHA)
Koha item type Books
Holdings
Withdrawn status Lost status Collection code Permanent Location Current Location Shelving location Date acquired Full call number Accession Number Koha item type
    Islamic Studies MAJU MAJU   2019-09-14 338.86 4076 Islamic Studies

Powered by Koha